McGRAW- HILL Dictionary of Computing & Communications, (Record no. 6456)

MARC details
005 - DATE AND TIME OF LATEST TRANSACTION
control field 20250630071729.0
020 ## - INTERNATIONAL STANDARD BOOK NUMBER
International Standard Book Number 0-07-297773-6
082 ## - DEWEY DECIMAL CLASSIFICATION NUMBER
Classification number 004.03 McG
111 ## - MAIN ENTRY--MEETING NAME
Meeting name or jurisdiction name as entry element McGRAW- HILL Dictionary of Computing & Communications,
245 ## - TITLE STATEMENT
Title McGRAW- HILL Dictionary of Computing & Communications,
260 ## - PUBLICATION, DISTRIBUTION, ETC.
Place of publication, distribution, etc. New York,
Name of publisher, distributor, etc. McGRAW- HILL,
Date of publication, distribution, etc. 2003.
300 ## - PHYSICAL DESCRIPTION
Extent xi, 446p,: ill.; figure, picture, table
Dimensions 21cm
700 ## - ADDED ENTRY--PERSONAL NAME
Other authors/Editors McGRAW- HILL,
942 ## - ADDED ENTRY ELEMENTS (KOHA)
Source of classification or shelving scheme Dewey Decimal Classification
Koha item type Books
Holdings
Date last seen Total checkouts Full call number Barcode Cost, replacement price Price effective from Koha item type Lost status Source of classification or shelving scheme Damaged status Not for loan Withdrawn status Home library Current library Shelving location Date acquired Cost, normal purchase price
06/30/2025   004.03 McG DOM0003796 120000.00 06/30/2025 Books   Dewey Decimal Classification       CBE Dodoma CBE Dodoma Reference Collection 02/20/2004 40000.00
06/30/2025   004.03 McG DOM0003797 120000.00 06/30/2025 Books   Dewey Decimal Classification       CBE Dodoma CBE Dodoma Reference Collection 02/20/2004 40000.00
07/01/2025   004.03 McG DOM0004609 120000.00 07/01/2025 Books   Dewey Decimal Classification       CBE Dodoma CBE Dodoma General Collection 07/01/2004 40000.00